| 000 | 00440nam a2200157Ia 4500 | ||
|---|---|---|---|
| 008 | 170221s9999 xx 000 0 und d | ||
| 100 | _aBaki Can | ||
| 245 | _aPolitical Cartoons in 1946 Turkish Elections Baki Can | ||
| 245 | _cBaki Can | ||
| 260 | _bOnline Journal of Communication and Media Technologies | ||
| 260 | _c2011 | ||
| 300 | _a1 : 3 | ||
| 650 | _xCommunication | ||
| 650 | _xMedia Arts | ||
| 856 | _uhttp://www.ojcmt.net/ | ||
| 999 |
_c307349 _d307349 |
||